000 00896nam a22002895i 4500
001 176182
003 ES-MaACL
005 20230906220020.0
008 101222s1976 sp |||| | spa d
020 _a84-345-1373-0
080 _a616.155.19
080 _a616.15
245 0 0 _aAnemia e hipoxia /
_cdirector, Lars Garby ; consejo editorial H. G. Lasch... [et al.].
260 _aBarcelona [etc.] :
_bSalvat,
_cimp. 1976.
300 _aIX, 146 p. ;
_c25 cm.
490 1 _aClínica hematológica ;
_v2/3
500 _aÍndice.
504 _aBibliografía.
594 _aTít. original: Anaemia and Hypoxia.
650 0 4 _aAnemia.
_9144471
650 0 4 _aAnoxemia.
_9144472
700 1 _aGarby, Lars.
_9144470
700 1 _aLasch, Hans-Gotthard.
_9144469
830 0 _aClínica hematológica ;
_v2/3
_9187616
852 _aES-MaACL
_jE-13859
_xOlim P-372
999 _c176182
_d176182